Critical study on road transportation in rural areas of Assam and its contribution to the economy (Record no. 12300)

MARC details
000 -LEADER
fixed length control field 00616nam a2200169Ia 4500
082 ## - DEWEY DECIMAL CLASSIFICATION NUMBER
Classification number RB.0254
100 ## - MAIN ENTRY--AUTHOR NAME
Personal name Bhandari, Purushottam
245 #0 - TITLE STATEMENT
Title Critical study on road transportation in rural areas of Assam and its contribution to the economy
Sub Title :
260 ## - PUBLICATION, DISTRIBUTION, ETC. (IMPRINT)
Year of publication 2008
Name of publisher Indian Council of Social Science Research, New Delhi
300 ## - PHYSICAL DESCRIPTION
Number of Pages 207
504 ## - BIBLIOGRAPHY, ETC. NOTE
Bibliography, etc includes bibliography
650 ## - SUBJECT ADDED ENTRY--TOPICAL TERM
Topical Term Transportation, Automotive
Geographic subdivision India
-- Assam
650 ## - SUBJECT ADDED ENTRY--TOPICAL TERM
Topical Term Rural transportation
Form subdivision Economic aspects
Geographic subdivision India
-- Assam
650 ## - SUBJECT ADDED ENTRY--TOPICAL TERM
Topical Term Transportation
Form subdivision Finance
Geographic subdivision India
-- Assam
650 ## - SUBJECT ADDED ENTRY--TOPICAL TERM
Topical Term Roads
Form subdivision Finance
Geographic subdivision India
-- Assam
942 ## - ADDED ENTRY ELEMENTS (KOHA)
Koha item type Research Reports
Source of classification or shelving scheme Dewey Decimal Classification
Holdings
Withdrawn status Lost status Damaged status Not for loan Collection code Home library Current library Date acquired Source of acquisition Bill Date Full call number Accession Number Price effective from Koha item type
      Not For Loan Minor Research project Reports NASSDOC Library NASSDOC Library 19/01/2013 Gifted by : NERP Division, ICSSR 2012-12-21 RB.0254 47956 18/04/2019 Research Reports